| 000 | 00000nam##2200000za#4500 |
| 001 | 9.662240 |
| 003 | CaOODSP |
| 005 | 20200401064234 |
| 007 | ta |
| 008 | 150407|2000||||xxc||||| f|0| 0 fre|d |
| 020 | |a0-662-65281-9 |
| 040 | |aCaOODSP|bfre |
| 041 | |aeng |
| 041 | |afre |
| 043 | |an-cn--- |
| 086 | 1 |aSW21-48/2000 |
| 110 | 1 |aCanada. |bCondition féminine Canada. |
| 245 | 13|aLa création de capacités : |baccroître la participation des femmes à la vie économique par le logement / |cpar Laura C. Johnson et Allison Ruddock. |
| 260 | |aOttawa - Ontario : |bCondition féminine Canada |c2000. |
| 500 | |aDonnées de catalogage avant publication (Canada) imprimées dans cette publication. N.B.: Le numéro de catalogue (SW21-48/2000F) et le numéro ISBN (0-662-84896-9) imprimés dans cette publication sont incorrects. «La présente étude cherche à évaluer si la création de logements abordables et l'accès à de tels logements peuvent constituer, pour les femmes à faible revenu, un moyen d'acquérir des aptitudes à l'emploi et d'améliorer l'employabilité. A cette fin, l'étude a consisté en un examen de la documentation générale sur l'aide à l'emploi dans le logement comme moyen d'accroître l'autonomie individuelle.»--Sommaire. |
| 500 | |aN.B.: Le n° de catalogue et ISBN imprimés dans cette publication sont incorrects. |
| 504 | |aBibliographie. |
| 546 | |aBilingue |
| 563 | |aCouverture souple |
| 590 | |a00-39|b2000-09-29 |
| 691 | 07|aCondition de la femme|2gcpds |
| 691 | 07|aPauvreté|2gcpds |
| 691 | 07|aEmploi|2gcpds |
| 691 | 07|aLogement subventionné|2gcpds |
| 691 | 07|aProgramme d'aide|2gcpds |
| 720 | 1 |aJohnson, Laura C. |
| 720 | 1 |aRuddock, Allison |
| 776 | 0#|tLa création des capacités : |w(CaOODSP)9.632868 |
| 776 | 0#|tBuilding capacity : |w(CaOODSP)9.688444 |
| 791 | |tBuilding capacity : |eeng|w(CaOODSP)9.662239 |